Văn học Việt Nam thế kỷ X- XIX Những vấn đề lí luận và lịch sử
Gespeichert in:
| 1. Verfasser: | |
|---|---|
| Format: | Buch |
| Sprache: | Vietnamese |
| Veröffentlicht: |
Hà Nội
Giáo Dục
2007
|
| Schlagworte: | |
| Tags: |
Tag hinzufügen
Keine Tags, Fügen Sie den ersten Tag hinzu!
|
| Thư viện lưu trữ: | Trung tâm Học liệu Lê Vũ Hùng, Trường Đại học Đồng Tháp |
|---|
| LEADER | 00862pam a22002538a 4500 | ||
|---|---|---|---|
| 001 | 00030829 | ||
| 005 | 20171026081025.0 | ||
| 008 | 130808s2007 ||||||viesd | ||
| 020 | |c 160000 | ||
| 041 | 0 | # | |a vie |
| 082 | 1 | 4 | |a 895.922 09 |b V115H |
| 100 | 1 | # | |a Trần, Ngọc Vương |e Chủ biên |
| 245 | 1 | 0 | |a Văn học Việt Nam thế kỷ X- XIX |b Những vấn đề lí luận và lịch sử |c Trần Ngọc Vương (ch.b) |
| 260 | # | # | |a Hà Nội |b Giáo Dục |c 2007 |
| 300 | # | # | |a 912 tr. |c 24 cm. |
| 653 | # | # | |a Lí luận |
| 653 | # | # | |a Văn học Việt Nam |
| 653 | # | # | |a Thế kỷ X- XIX |
| 653 | # | # | |a Lịch sử |
| 653 | # | # | |a Nghiên cứu |
| 852 | # | # | |j KD.0014747 |
| 852 | # | # | |b Kho đọc |j KD.0014747 |
| 910 | |d 8/2013 | ||
| 980 | # | # | |a Trung tâm Học liệu Lê Vũ Hùng, Trường Đại học Đồng Tháp |